000 01039cam a22003257a 4500
003 CHAP
005 20220817041634.0
008 971013s1984 r 00010 d
010 _a20453
011 _a21425
035 _a25515
040 _cCHAP
090 _aFolleto 9622
100 0 0 _aArellanos Ledezma, Teresa de J.
_96936
245 1 4 _aLos tipos de ramas del duraznero y del manzano
260 _aCalera, Zac. :
_bINIA. Campo Agrícola Experimental Zacatecas,
_c1984
300 _a15 p.
_b: ilus
490 0 _aFolleto para productores
_v; 9
590 _aBATCH-UPD
_b10
_c20130110
_lUCH01
_h0224
590 _aBATCH-UPD
_b10
_c20130110
_lUCH01
_h1347
590 _aCONVERSION
_b10
_c20130109
_lUCH01
_h1312
650 1 4 _aDurazno.
_934570
650 1 4 _aManzana.
_970730
700 0 _aMedina Soto, Florencio.
_974036
830 0 _aFolleto para productores
_v; 9
901 _aBK
942 _cFOLL
949 _aFolleto 9622
_bBC
_cFOLL
_d-58839
_eTS1
_i25515
_mD
_si
949 _aFolleto 9622
_bBC
_cFOLL
_d-58840
_eTS2
_fc.2
_i25515
_mD
_si
999 _c20453
_d20453